Female Nobel Laureates Quiz Stats

 Plays Quiz Updated Dec 10, 2018

Score 0/52 Timer 09:00
0 Plays Today
Category/Year Name of Laureate % Correct
PhysicsMarie Curie
95.6%
ChemistryMarie Curie
95.6%
ChemistryIrène Joliot-Curie
92.7%
PeaceMalala Yousafzai
50.9%
PeaceMother Teresa
37.4%
LiteratureToni Morrison
33.4%
PeaceAung San Suu Kyi
31.4%
LiteraturePearl S. Buck
24.7%
MedicineLinda B. Buck
24.2%
LiteratureDoris Lessing
23.5%
PeaceEllen Johnson Sirleaf
17.2%
LiteratureAlice Munro
16.6%
LiteratureNadine Gordimer
16.4%
PeaceRigoberta Menchú
16%
PeaceBetty Williams
15.5%
PeaceJody Williams
15.4%
LiteratureSelma Lagerlöf
12.3%
LiteratureElfriede Jelinek
11.5%
LiteratureHerta Müller
11.3%
LiteratureGabriela Mistral
10.5%
LiteratureSigrid Undset
9.3%
PeaceJane Addams
9.2%
LiteratureWislawa Szymborska
9.2%
LiteratureNelly Sachs
8.9%
PeaceWangari Maathai
8.9%
MedicineYouyou Tu
7.6%
Category/Year Name of Laureate % Correct
PeaceShirin Ebadi
7.6%
ChemistryDorothy Crowfoot Hodgkin
7.5%
PeaceMairead Corrigan
7%
PeaceBertha von Suttner
6.8%
LiteratureSvetlana Alexievich
6.5%
PeaceAlva Myrdal
6.4%
MedicineBarbara McClintock
6.3%
PeaceNadia Murad
6%
LiteratureGrazia Deledda
5.6%
EconomicsElinor Ostrom
5.6%
PeaceTawakkol Karman
5.3%
PhysicsDonna Strickland
5.2%
ChemistryAda E. Yonath
5.2%
MedicineGerty Theresa Cori
4.8%
PhysicsMaria Goeppert-Mayer
4.6%
MedicineElizabeth Blackburn
4.6%
ChemistryFrances H. Arnold
4.5%
MedicineMay-Britt Moser
4.5%
PeaceEmily Greene Balch
4.5%
MedicineRita Levi-Montalcini
4.5%
PeaceLeymah Gbowee
4.4%
MedicineCarol W. Greider
3.9%
MedicineGertrude B. Elion
3.6%
MedicineFrançoise Barré-Sinoussi
3.6%
MedicineRosalyn Yalow
3.5%
MedicineChristiane Nusslein-Volhard
3.3%

You're not logged in!

Compare scores with friends on all Sporcle quizzes.
OR
Log In

You Might Also Like...

Show Comments

Extras

Top Quizzes Today


Score Distribution

Your Account Isn't Verified!

In order to create a playlist on Sporcle, you need to verify the email address you used during registration. Go to your Sporcle Settings to finish the process.

Report this User

Report this user for behavior that violates our Community Guidelines.

Details: